02394nam a22002657a 4500003000400000005001700004008004100021020001800062040007300080050002500153100004000178245015300218250001900371260005100390300002900441500004700470504004100517505063700558520075101195546002101946650003501967650003702002650005502039700003402094OSt20231004203227.0230724b ||||| |||| 00| 0 eng d a9789719817178 aCvSU-CCAT Campus Library.bEnglish.cCvSU-CCAT Campus Library.erda. aF LC 220.5bV55 2022 aVillasoto, Herminigildo S., author. aHuman person gearing towards social development :bNSTP-CWTS 1 A Worktext for College Students /cHerminigildo S. Villasoto and Noemie S. Villasoto. aThird edition. aQuezon City :bC & E Publishing, Inc.,cc2022. axiii, 252 pages ;c26 cm aAn Outcome-Based Education (OBE) Approach. aIncludes bibliographical references. aContents: Preface Acknowledgements I. National Service Training Program II. The Nature of the Human Person III. Values Development for Citizenship Training IV. Leadership Training V. Fundamentals of Group Dynamics VI. Dimension of Development: Health Awareness VII. Dimension of Development: First Aid Education VIII. Dimension of Development: Entrepreneurship IX. Dimension of Development: Recreation, Physical Fitness, and Wellness X. The Social Menace of Drug Addiction XI. Safety Preparedness and Security XII. Global Warming, Disaster Risk Reduction, and Waste Management XIII. Volunteerism Appendices Bibliography The Authors  aThis book serves as guide in the implementation of the National Service Training Program-Civic Welfare Training Service (NSTP-CWTS 1) in compliance with the NSTP Act of 2001 (Republic Act No. 9163) and in Accordance with its newly revised implementing Rules and Regulations dated November 13, 2009. The topics tackled by the worktext are based on the minimum standards for NSTP common and specific modules and on various references and sources aligned with the program content suggested by the Commission on Higher Education (CHED) and Technical Education and Skills Development Authority (TESDA). This worktext focuses on CWTS as it aims to encourage, develop, and train students to become efficient and effective civic leaders of the community. aIn English text. aService trainingzPhilippines. aMilitary educationzPhilippines. aStudent volunteers in social servicezPhilippines. aVillasoto, Noemie S., author.